Structure and properties of engineering materials (Record no. 545010)
[ view plain ]
| 000 -LEADER | |
|---|---|
| fixed length control field | 00420nam a22001457a 4500 |
| 020 ## - INTERNATIONAL STANDARD BOOK NUMBER | |
| International Standard Book Number | 007121343 |
| 082 ## - DEWEY DECIMAL CLASSIFICATION NUMBER | |
| Classification number | 620.11 |
| Author Mark | HEN |
| -- | N-01, P-108 |
| 245 ## - TITLE STATEMENT | |
| Title | Structure and properties of engineering materials |
| Statement of responsibility, etc. | Henkel, Daniel |
| 250 ## - EDITION STATEMENT | |
| Edition statement | 5th |
| 260 ## - PUBLICATION, DISTRIBUTION, ETC. | |
| Place of publication, distribution, etc. | Boston |
| Name of publisher, distributor, etc. | McGraw Hill |
| Date of publication, distribution, etc. | 2002 |
| 300 ## - PHYSICAL DESCRIPTION | |
| Extent | xv, 446 p. : |
| Other physical details | ill, ; |
| Dimensions | 24 cm. |
| 526 ## - STUDY PROGRAM INFORMATION NOTE | |
| Program name | 0 |
| Interest level | 0 |
| Reading level | 0 |
| Title point value | 620_110000000000000_HEN |
| 650 ## - SUBJECT ADDED ENTRY--TOPICAL TERM | |
| Topical term or geographic name entry element | NUST (MCE) |
| 9 (RLIN) | 26909 |
| 942 ## - ADDED ENTRY ELEMENTS (KOHA) | |
| Source of classification or shelving scheme | |
| Koha item type | Book |
| Withdrawn status | Lost status | Source of classification or shelving scheme | Damaged status | Not for loan | Permanent Location | Current Location | Date acquired | Total Checkouts | Full call number | Barcode | Date last seen | Price effective from | Koha item type |
|---|---|---|---|---|---|---|---|---|---|---|---|---|---|
| Military College of Engineering (MCE) | Military College of Engineering (MCE) | 05/15/2014 | 620.11 HEN | MCE-37223 | 05/15/2014 | 05/15/2014 | Book |
